[Event "Uxbridge Int Petrosian"]
[Site "Denham Grove"]
[Date "2010.02.13"]
[Round "1"]
[White "De Coverly, Roger D"]
[Black "Lock, Gavin R"]
[Result "1-0"]
[WhiteElo "2109"]
[BlackElo "2170"]
[PlyCount "91"]
[EventDate "2010.02.13"]
[EventType "tourn"]
[EventRounds "9"]
[EventCountry "ENG"]

1. e4 e6 2. d4 d5 3. exd5 exd5 4. c4 Bb4+ 5. Nc3 Ne7 6. Nf3 Nbc6 7. Be2 O-O 8.
O-O dxc4 9. Bxc4 Bg4 10. Be3 Nf5 11. Qd3 Nd6 12. Bd5 Ne7 13. Bg5 Kh8 14. Bxe7
Qxe7 15. Ne5 Bf5 16. Qf3 f6 17. Nc4 c6 18. Nxd6 Qxd6 19. Qxf5 Bxc3 20. Be4 g6
21. Qh3 f5 22. Qxc3 fxe4 23. d5+ Qf6 24. dxc6 Qxc3 25. bxc3 bxc6 26. Rae1 Rf4
27. Re3 Rd8 28. g3 Rf3 29. Rxe4 Rxc3 30. Re7 Ra3 31. Rb1 Rxa2 32. Rbb7 a5 33.
Rxh7+ Kg8 34. Rbg7+ Kf8 35. Rxg6 Rd1+ 36. Kg2 Rdd2 37. Rf6+ Kg8 38. Rhf7 c5 39.
h4 Rd5 40. Rc7 a4 41. Ra6 Rd8 42. Raa7 a3 43. h5 c4 44. h6 Kh8 45. Rh7+ Kg8 46.
Rag7+ 1-0

[Event "Uxbridge Int Petrosian"]
[Site "Denham Grove"]
[Date "2010.02.14"]
[Round "2"]
[White "Lenier, Jude A"]
[Black "Campbell, Eoin"]
[Result "1-0"]
[WhiteElo "1913"]
[BlackElo "1954"]
[PlyCount "47"]
[EventDate "2010.02.13"]
[EventType "tourn"]
[EventRounds "9"]
[EventCountry "ENG"]

1. e4 d6 2. d4 Nf6 3. Nc3 g6 4. Be3 Bg7 5. Qd2 O-O 6. O-O-O c6 7. Bh6 Bxh6 8.
Qxh6 b5 9. f3 Qa5 10. Kb1 b4 11. Nce2 Na6 12. h4 Nc7 13. g4 Nb5 14. h5 Nc3+ 15.
Nxc3 bxc3 16. hxg6 fxg6 17. Bc4+ d5 18. Bb3 Rf7 19. e5 Nxg4 20. fxg4 Bxg4 21.
e6 Bxe6 22. Nf3 Rxf3 23. Qxh7+ Kf8 24. Qxg6 1-0

[Event "Uxbridge Int Petrosian"]
[Site "Denham Grove"]
[Date "2010.02.14"]
[Round "2"]
[White "Staneland, Peter E"]
[Black "Armstrong, Malcolm J"]
[Result "1-0"]
[WhiteElo "1742"]
[BlackElo "2019"]
[PlyCount "79"]
[EventDate "2010.02.13"]
[EventType "tourn"]
[EventRounds "9"]
[EventCountry "ENG"]

1. Nf3 Nf6 2. d4 c5 3. d5 d6 4. c4 e5 5. Nc3 Be7 6. Qc2 O-O 7. e4 a6 8. h4 Ne8
9. Bg5 f6 10. Be3 f5 11. exf5 Bxf5 12. Bd3 Qd7 13. Ng5 Bxg5 14. hxg5 Bxd3 15.
Qxd3 Qf5 16. Qe2 Nd7 17. Kd2 Rf7 18. Rh3 Nf8 19. Rah1 g6 20. g4 Qd7 21. Ne4 b5
22. f3 Rb8 23. Nf6+ Nxf6 24. gxf6 bxc4 25. Qxc4 Rxb2+ 26. Kc3 Rb6 27. Bh6 Rxf6
28. Bxf8 Rxf8 29. Qe4 Rb7 30. g5 Rf4 31. Qxg6+ Qg7 32. Qe8+ Rf8 33. Qe6+ Rbf7
34. Rxh7 Qxh7 35. Rxh7 Kxh7 36. g6+ Kg7 37. gxf7 Rxf7 38. Qxd6 Rxf3+ 39. Kc4
Rf5 40. Kxc5 1-0

[Event "Uxbridge Int Petrosian"]
[Site "Denham Grove"]
[Date "2010.02.14"]
[Round "3"]
[White "De Coverly, Roger D"]
[Black "Lenier, Jude A"]
[Result "0-1"]
[WhiteElo "2109"]
[BlackElo "1913"]
[PlyCount "78"]
[EventDate "2010.02.13"]
[EventType "tourn"]
[EventRounds "9"]
[EventCountry "ENG"]

1. e4 e5 2. Nf3 Nc6 3. Bb5 a6 4. Ba4 Nf6 5. O-O Be7 6. Re1 b5 7. Bb3 O-O 8. d4
d6 9. c3 Bg4 10. d5 Na5 11. Bc2 Nc4 12. h3 Bh5 13. b3 Nb6 14. Nbd2 c6 15. dxc6
Qc7 16. Nf1 Qxc6 17. Bb2 Qc7 18. Ng3 Bg6 19. Rc1 Rad8 20. Qe2 Rfe8 21. Bd3 d5
22. c4 bxc4 23. bxc4 d4 24. c5 Bxc5 25. Bxa6 Qd6 26. Red1 Na4 27. Ba1 Ba3 28.
Bb5 Bxc1 29. Bxa4 d3 30. Qf1 Bf4 31. Bxe8 Nxe8 32. Ne1 d2 33. Nf3 Rc8 34. Ne2
Bxe4 35. Nxf4 Bxf3 36. gxf3 exf4 37. Qe2 Qe6 38. Qxd2 Qxh3 39. Qxf4 Rc6 0-1

[Event "Uxbridge Int Petrosian"]
[Site "Denham Grove"]
[Date "2010.02.14"]
[Round "3"]
[White "Lock, Gavin R"]
[Black "Pleasants, Allan J"]
[Result "1-0"]
[WhiteElo "2170"]
[BlackElo "2079"]
[PlyCount "61"]
[EventDate "2010.02.13"]
[EventType "tourn"]
[EventRounds "9"]
[EventCountry "ENG"]

1. Nf3 d5 2. d4 Nf6 3. c4 e6 4. Bg5 Be7 5. Nc3 O-O 6. e3 c6 7. Rc1 Nbd7 8. Bd3
Re8 9. O-O dxc4 10. Bxc4 b5 11. Bd3 Bb7 12. a4 a6 13. Qe2 Qa5 14. Ne5 b4 15.
Bxf6 Nxe5 16. Bxe5 bxc3 17. Qg4 Bf8 18. Rxc3 Rac8 19. Rfc1 Qxa4 20. Qh4 h6 21.
Qe4 f5 22. Qf4 Bb4 23. R3c2 c5 24. dxc5 Bd5 25. e4 Bb3 26. exf5 Bxc2 27. Bxc2
Qb5 28. fxe6 Rxe6 29. Bb3 Rce8 30. Qg4 Qb7 31. Bxe6+ 1-0

[Event "Uxbridge Int Petrosian"]
[Site "Denham Grove"]
[Date "2010.02.15"]
[Round "4"]
[White "Jain, Radha"]
[Black "Campbell, Eoin"]
[Result "1/2-1/2"]
[WhiteElo "1879"]
[BlackElo "1954"]
[PlyCount "31"]
[EventDate "2010.02.13"]
[EventType "tourn"]
[EventRounds "9"]
[EventCountry "ENG"]

1. d4 Nf6 2. Nf3 g6 3. Nc3 d5 4. Bf4 Bg7 5. Qd2 O-O 6. Bh6 c5 7. Bxg7 Kxg7 8.
dxc5 Nc6 9. O-O-O Qa5 10. Kb1 Qxc5 11. e3 Bg4 12. Be2 Rfd8 13. Nd4 Bxe2 14.
Qxe2 e5 15. Nb3 Qc4 16. Qxc4 1/2-1/2

[Event "Uxbridge Int Petrosian"]
[Site "Denham Grove"]
[Date "2010.02.15"]
[Round "4"]
[White "Lenier, Jude A"]
[Black "Lock, Gavin R"]
[Result "0-1"]
[WhiteElo "1913"]
[BlackElo "2170"]
[PlyCount "48"]
[EventDate "2010.02.13"]
[EventType "tourn"]
[EventRounds "9"]
[EventCountry "ENG"]

1. e4 e6 2. d4 d5 3. Nc3 Nc6 4. e5 Nge7 5. f4 Nf5 6. Nf3 b6 7. Bb5 Bd7 8. a3
Be7 9. Ne2 Nxe5 10. Nxe5 Bxb5 11. g4 Nd6 12. O-O f6 13. Nf3 h5 14. g5 Qd7 15.
Nh4 O-O-O 16. a4 Ba6 17. b4 Bc4 18. b5 Ne4 19. Ng6 Rhg8 20. a5 Bd6 21. axb6
axb6 22. Rf3 Qe8 23. Nh4 Qxb5 24. Ng3 fxg5 0-1

[Event "Uxbridge Int Petrosian"]
[Site "Denham Grove"]
[Date "2010.02.15"]
[Round "4"]
[White "Staneland, Peter E"]
[Black "De Coverly, Roger D"]
[Result "0-1"]
[WhiteElo "1742"]
[BlackElo "2109"]
[PlyCount "30"]
[EventDate "2010.02.13"]
[EventType "tourn"]
[EventRounds "9"]
[EventCountry "ENG"]

1. Nf3 Nf6 2. d4 g6 3. Bg5 Bg7 4. Nbd2 c5 5. c3 cxd4 6. cxd4 Qa5 7. Qc2 Nc6 8.
e3 d6 9. Bxf6 Bxf6 10. Bc4 d5 11. Be2 Bf5 12. Qb3 O-O 13. O-O Rfc8 14. a3 Qd8
15. Bd3 Na5 0-1

[Event "Uxbridge Int Petrosian"]
[Site "Denham Grove"]
[Date "2010.02.15"]
[Round "5"]
[White "Pleasants, Allan J"]
[Black "Lenier, Jude A"]
[Result "1/2-1/2"]
[WhiteElo "2079"]
[BlackElo "1913"]
[PlyCount "59"]
[EventDate "2010.02.13"]
[EventType "tourn"]
[EventRounds "9"]
[EventCountry "ENG"]

1. Nf3 Nf6 2. g3 g6 3. Bg2 Bg7 4. O-O O-O 5. c4 d6 6. Nc3 Nbd7 7. d4 c5 8. Qc2
Rb8 9. Rd1 a6 10. dxc5 Nxc5 11. Be3 Bf5 12. Qd2 Nce4 13. Nxe4 Bxe4 14. Rac1 d5
15. Bf4 Rc8 16. Bh3 e6 17. c5 Qd7 18. Bd6 Rfd8 19. Ne5 Qb5 20. f3 b6 21. b4 d4
22. Qxd4 Ba8 23. Qd2 Ne8 24. Nxf7 Kxf7 25. Bxe6+ Kxe6 26. Qe3+ Kf7 27. Qb3+ Kf6
28. Qc3+ Kf7 29. Qb3+ Kf6 30. Qc3+ 1/2-1/2

[Event "Uxbridge Int Petrosian"]
[Site "Denham Grove"]
[Date "2010.02.16"]
[Round "6"]
[White "Armstrong, Malcolm J"]
[Black "Campbell, Eoin"]
[Result "0-1"]
[WhiteElo "2019"]
[BlackElo "1954"]
[PlyCount "92"]
[EventDate "2010.02.13"]
[EventType "tourn"]
[EventRounds "9"]
[EventCountry "ENG"]

1. d4 d6 2. Nf3 g6 3. c4 Bg7 4. Nc3 Nf6 5. g3 O-O 6. Bg2 Nc6 7. O-O a6 8. h3
Bd7 9. e4 e5 10. Be3 exd4 11. Nxd4 Re8 12. Re1 Na5 13. Qd3 c5 14. Nde2 b5 15.
cxb5 axb5 16. e5 dxe5 17. Bxc5 Rc8 18. b4 Nc4 19. Ne4 Nxe4 20. Qxe4 Bc6 21. Qc2
Bxg2 22. Kxg2 Qd5+ 23. Kh2 Nd2 24. Ng1 Bf8 25. Rad1 Bxc5 26. bxc5 Red8 27. Rc1
Nc4 28. a4 Qxc5 29. Re2 Qd5 30. Qe4 Qxe4 31. Rxe4 f5 32. Re2 bxa4 33. Rec2 Nb6
34. Rxc8 Rxc8 35. Rb1 Nc4 36. Rb4 a3 37. Ra4 Rc5 38. Ne2 Ra5 39. Rxa5 Nxa5 40.
Nc3 Nb3 41. Na2 Kf7 42. g4 Ke6 43. Kg3 Kd5 44. Kf3 Kc4 45. gxf5 gxf5 46. Ke3
Nc5 0-1

[Event "Uxbridge Int Petrosian"]
[Site "Denham Grove"]
[Date "2010.02.16"]
[Round "6"]
[White "Staneland, Peter E"]
[Black "Pleasants, Allan J"]
[Result "0-1"]
[WhiteElo "1742"]
[BlackElo "2079"]
[PlyCount "72"]
[EventDate "2010.02.13"]
[EventType "tourn"]
[EventRounds "9"]
[EventCountry "ENG"]

1. Nf3 g6 2. e4 Bg7 3. Bc4 e6 4. Nc3 d6 5. d4 Ne7 6. Bg5 Nd7 7. O-O a6 8. Re1
b5 9. Bb3 Bb7 10. d5 e5 11. Qd2 h6 12. Be3 Nf6 13. a3 g5 14. h4 Qd7 15. hxg5
hxg5 16. Nxg5 Ng6 17. f4 exf4 18. Bxf4 Nh5 19. Be3 Ne5 20. Qf2 Bc8 21. Ne2 Qg4
22. Rad1 Bd7 23. Nf3 O-O-O 24. Nfd4 Qxe4 25. Bg5 Rdg8 26. Nf4 Qh7 27. Nc6 Nxf4
28. Ne7+ Kb7 29. Qxf4 Ng4 30. Kf1 Qh1+ 31. Ke2 Qxg2+ 32. Kd3 Rh3+ 33. Re3 Nxe3
34. Qxe3 Rxe3+ 35. Bxe3 Re8 36. Rg1 Qxg1 0-1

[Event "Uxbridge Int Petrosian"]
[Site "Denham Grove"]
[Date "2010.02.16"]
[Round "7"]
[White "Lenier, Jude A"]
[Black "Staneland, Peter E"]
[Result "0-1"]
[WhiteElo "1913"]
[BlackElo "1742"]
[PlyCount "66"]
[EventDate "2010.02.13"]
[EventType "tourn"]
[EventRounds "9"]
[EventCountry "ENG"]

1. e4 e6 2. d4 d5 3. Nc3 Bb4 4. e5 c5 5. a3 cxd4 6. axb4 dxc3 7. f4 cxb2 8.
Bxb2 Ne7 9. Bd3 Bd7 10. Nf3 Ng6 11. Qd2 Nc6 12. b5 Nce7 13. O-O O-O 14. Kh1 Nc8
15. g4 Nb6 16. f5 Nh4 17. f6 Ng6 18. h4 Nc4 19. Bxc4 dxc4 20. h5 Bxb5 21. Qh2
c3 22. hxg6 fxg6 23. Bxc3 Bxf1 24. Rxf1 Qd5 25. Qg2 Rac8 26. Ba1 Rc4 27. Bb2
gxf6 28. exf6 Rf4 29. Qg3 g5 30. Kh2 Rc8 31. f7+ Rxf7 32. c4 Qxc4 33. Kh3 Qxf1+
0-1

[Event "Uxbridge Int Petrosian"]
[Site "Denham Grove"]
[Date "2010.02.16"]
[Round "7"]
[White "Pleasants, Allan J"]
[Black "Jain, Radha"]
[Result "0-1"]
[WhiteElo "2079"]
[BlackElo "1879"]
[PlyCount "80"]
[EventDate "2010.02.13"]
[EventType "tourn"]
[EventRounds "9"]
[EventCountry "ENG"]

1. Nf3 Nf6 2. c4 c6 3. Nc3 d5 4. d4 e6 5. Bg5 Nbd7 6. e3 Bb4 7. Qc2 Qa5 8. Bxf6
Nxf6 9. Bd3 O-O 10. O-O Bxc3 11. bxc3 dxc4 12. Bxc4 b5 13. Bd3 Bb7 14. Rab1 a6
15. c4 c5 16. Ne5 cxd4 17. exd4 bxc4 18. Bxh7+ Nxh7 19. Rxb7 Rac8 20. Rfb1 Nf6
21. h3 Qd5 22. R1b6 c3 23. Nf3 Rfd8 24. Ra7 e5 25. Rbb7 exd4 26. Rxf7 d3 27.
Rxg7+ Kh8 28. Qa4 Rc4 29. Ne5 Qxe5 30. Qxc4 Qd4 31. Qc7 Qxa7 32. Qxa7 d2 33.
Rg6 d1=Q+ 34. Kh2 Qd6+ 35. g3 Rd7 36. Qe3 c2 37. Qc3 Rc7 38. Qf3 Rc6 39. Qb3
c1=Q 40. Qf7 Rc7 0-1

[Event "Uxbridge Int Petrosian"]
[Site "Denham Grove"]
[Date "2010.02.17"]
[Round "8"]
[White "Armstrong, Malcolm J"]
[Black "Lock, Gavin R"]
[Result "0-1"]
[WhiteElo "2019"]
[BlackElo "2170"]
[PlyCount "38"]
[EventDate "2010.02.13"]
[EventType "tourn"]
[EventRounds "9"]
[EventCountry "ENG"]

1. d4 f5 2. Nc3 d5 3. Bg5 c6 4. e3 Be6 5. Bd3 Nd7 6. Nf3 g6 7. O-O Bg7 8. Bf4
Ngf6 9. h3 O-O 10. Ng5 Bf7 11. Ne2 Ne4 12. Nxf7 Rxf7 13. c4 e6 14. f3 Nef6 15.
g4 Kh8 16. Kg2 dxc4 17. Bxc4 Nd5 18. e4 fxe4 19. fxe4 Rxf4 0-1

[Event "Uxbridge Int Petrosian"]
[Site "Denham Grove"]
[Date "2010.02.17"]
[Round "8"]
[White "Jain, Radha"]
[Black "Lenier, Jude A"]
[Result "0-1"]
[WhiteElo "1879"]
[BlackElo "1913"]
[PlyCount "62"]
[EventDate "2010.02.13"]
[EventType "tourn"]
[EventRounds "9"]
[EventCountry "ENG"]

1. Nf3 Nf6 2. d4 e6 3. Bf4 c5 4. c3 Qb6 5. Qc2 Nc6 6. e3 Nh5 7. Bg3 Nxg3 8.
hxg3 d5 9. Nbd2 g6 10. Bd3 Bg7 11. O-O-O c4 12. Be2 Qc7 13. e4 b5 14. Rde1 Ne7
15. Ne5 a5 16. Bf3 Bb7 17. exd5 Bxd5 18. Bxd5 Nxd5 19. Qe4 O-O 20. Qh4 h6 21.
Ng4 h5 22. Ne4 f5 23. Ng5 fxg4 24. Nxe6 Qf7 25. Nxf8 Qxf8 26. Kb1 b4 27. Qg5
Qf7 28. cxb4 c3 29. b5 Nb4 30. d5 Qxf2 31. Qc1 Qf5+ 0-1

[Event "Uxbridge Int Tal"]
[Site "Denham Grove"]
[Date "2010.02.13"]
[Round "1"]
[White "Thomassen, Thomas"]
[Black "Tart, Peter K"]
[Result "1/2-1/2"]
[WhiteElo "2033"]
[BlackElo "2078"]
[PlyCount "58"]
[EventDate "2010.02.13"]
[EventType "tourn"]
[EventRounds "9"]
[EventCountry "ENG"]

1. c4 b6 2. Nf3 Bb7 3. g3 Bxf3 4. exf3 c5 5. d4 cxd4 6. Qxd4 Nc6 7. Qd2 Nf6 8.
Nc3 e6 9. Bg2 Rc8 10. O-O Na5 11. b3 Bb4 12. Bb2 d5 13. Qg5 O-O 14. Rfd1 Qe7
15. a3 h6 16. Qh4 Bxc3 17. Bxc3 Nxb3 18. Bb4 Nc5 19. f4 dxc4 20. g4 a5 21. g5
axb4 22. axb4 hxg5 23. fxg5 Nb3 24. Ra7 Qxa7 25. gxf6 gxf6 26. Qg4+ Kh8 27.
Qh5+ Kg7 28. Qg4+ Kh8 29. Qh5+ Kg7 1/2-1/2

[Event "Uxbridge Int Tal"]
[Site "Denham Grove"]
[Date "2010.02.14"]
[Round "2"]
[White "Higgs, Anthony R J"]
[Black "Thomassen, Thomas"]
[Result "1-0"]
[WhiteElo "1962"]
[BlackElo "2033"]
[PlyCount "93"]
[EventDate "2010.02.13"]
[EventType "tourn"]
[EventRounds "9"]
[EventCountry "ENG"]

1. e4 c5 2. a3 Nc6 3. Nf3 e6 4. b4 Nf6 5. b5 Nd4 6. Nc3 d6 7. Bb2 Be7 8. Be2
O-O 9. O-O b6 10. Re1 e5 11. h3 Bb7 12. d3 Rc8 13. Bf1 Qd7 14. a4 Ne8 15. Nd5
Bxd5 16. exd5 f5 17. c3 Nxf3+ 18. Qxf3 Bf6 19. c4 g6 20. Qe2 f4 21. a5 Ng7 22.
Qe4 Bh4 23. axb6 axb6 24. Be2 Qe7 25. Bf3 Qf7 26. Ra6 Rb8 27. Rea1 Rb7 28. Ra8
h5 29. Rxf8+ Kxf8 30. Ra8+ Ne8 31. Bxe5 dxe5 32. d6 Ra7 33. Rxa7 Qxa7 34. Qxe5
Bf6 35. Qe6 Bd8 36. Bd5 Qg7 37. Qc8 Qf6 38. d7 Nd6 39. Qa8 Ke7 40. Bc6 Qb2 41.
Qa4 Qe2 42. Qa1 Qxd3 43. Qe5+ Kf7 44. Bd5+ Kf8 45. Qxd6+ Kg7 46. Qe5+ Kh7 47.
Qb8 1-0

[Event "Uxbridge Int Tal"]
[Site "Denham Grove"]
[Date "2010.02.14"]
[Round "2"]
[White "Peat, Matthew"]
[Black "McKenna, Jason P"]
[Result "1/2-1/2"]
[WhiteElo "2067"]
[BlackElo "2147"]
[PlyCount "59"]
[EventDate "2010.02.13"]
[EventType "tourn"]
[EventRounds "9"]
[EventCountry "ENG"]

1. c4 g6 2. e4 Bg7 3. d4 d6 4. Nc3 Nf6 5. Nf3 O-O 6. h3 Na6 7. Bg5 Qe8 8. Be2
e5 9. d5 Nc5 10. Nd2 a5 11. g4 Bd7 12. h4 h6 13. Be3 Nh7 14. g5 h5 15. Qc2 Qe7
16. O-O-O b6 17. Rdg1 a4 18. Nf1 Kh8 19. Ng3 f5 20. gxf6 Bxf6 21. Nb5 Bxb5 22.
cxb5 Bxh4 23. Bxh5 gxh5 24. Nf5 Rxf5 25. exf5 Rf8 26. Qc4 e4 27. Bd4+ Bf6 28.
Rxh5 Bxd4 29. Qxd4+ Qf6 30. Qxf6+ 1/2-1/2

[Event "Uxbridge Int Tal"]
[Site "Denham Grove"]
[Date "2010.02.14"]
[Round "2"]
[White "Tart, Peter K"]
[Black "Ociepka, Adrian"]
[Result "0-1"]
[WhiteElo "2078"]
[BlackElo "2120"]
[PlyCount "54"]
[EventDate "2010.02.13"]
[EventType "tourn"]
[EventRounds "9"]
[EventCountry "ENG"]

1. e4 e5 2. Nf3 Nc6 3. Bb5 a6 4. Ba4 Nf6 5. Qe2 b5 6. Bb3 Be7 7. c3 O-O 8. O-O
Re8 9. Rd1 Bf8 10. d3 h6 11. Nbd2 d5 12. Nf1 Na5 13. Bc2 c5 14. d4 exd4 15. e5
dxc3 16. Qd3 Ne4 17. Ne3 Bb7 18. Qe2 d4 19. Nf5 cxb2 20. Bxb2 Ng5 21. N3xd4
cxd4 22. Rxd4 Qc7 23. Rg4 Nc4 24. Rxg5 hxg5 25. Qh5 g6 26. Qxg5 Nxb2 27. Bb3
Nc4 0-1

[Event "Uxbridge Int Tal"]
[Site "Denham Grove"]
[Date "2010.02.14"]
[Round "3"]
[White "McKenna, Jason P"]
[Black "Tart, Peter K"]
[Result "1/2-1/2"]
[WhiteElo "2147"]
[BlackElo "2078"]
[PlyCount "35"]
[EventDate "2010.02.13"]
[EventType "tourn"]
[EventRounds "9"]
[EventCountry "ENG"]

1. e4 e5 2. Nf3 d5 3. exd5 Bd6 4. d4 e4 5. Ne5 Nf6 6. Bb5+ Nbd7 7. Bg5 O-O 8.
Bxd7 Bxd7 9. Bxf6 gxf6 10. Nxd7 Qxd7 11. Qe2 Rae8 12. O-O f5 13. f3 Bf4 14. Nc3
exf3 15. Qxf3 Be3+ 16. Kh1 Bxd4 17. Rad1 Bg7 18. h3 1/2-1/2

[Event "Uxbridge Int Tal"]
[Site "Denham Grove"]
[Date "2010.02.14"]
[Round "3"]
[White "Thomassen, Thomas"]
[Black "Healeas, Simon"]
[Result "1-0"]
[WhiteElo "2033"]
[BlackElo "1804"]
[PlyCount "107"]
[EventDate "2010.02.13"]
[EventType "tourn"]
[EventRounds "9"]
[EventCountry "ENG"]

1. c4 Nf6 2. g3 g6 3. Bg2 Bg7 4. Nc3 O-O 5. Nf3 d6 6. O-O Nc6 7. d4 a6 8. Re1
Rb8 9. e4 Bg4 10. Be3 e5 11. d5 Na5 12. Qd3 c5 13. Nd2 b5 14. b3 Bd7 15. Rab1
Ne8 16. Ne2 f5 17. f4 Nb7 18. Rf1 Qe7 19. Rbe1 Nf6 20. Kh1 Ng4 21. Bg1 exf4 22.
gxf4 fxe4 23. Nxe4 Bh6 24. Qg3 Kh8 25. h4 Bf5 26. Ng5 Qd7 27. Ne6 Rg8 28. Be3
Nxe3 29. Qxe3 Rbe8 30. Ng3 Nd8 31. Ne4 Qe7 32. Qc3+ Bg7 33. Nxg7 Qxh4+ 34. Kg1
Rxg7 35. Nxd6 Rf8 36. Ne8 Qh6 37. Re7 Nf7 38. Rfe1 bxc4 39. bxc4 Kg8 40. d6 g5
41. Nxg7 Qxg7 42. Qxg7+ Kxg7 43. Bd5 Kf6 44. Bxf7 Rxf7 45. fxg5+ Kg7 46. Rxf7+
Kxf7 47. Re7+ Kf8 48. Rc7 Ke8 49. Rxc5 Bb1 50. Rc7 Bxa2 51. c5 Bb1 52. c6 Bc2
53. d7+ Ke7 54. Rc8 1-0

[Event "Uxbridge Int Tal"]
[Site "Denham Grove"]
[Date "2010.02.15"]
[Round "4"]
[White "Peat, Matthew"]
[Black "Tart, Peter K"]
[Result "1-0"]
[WhiteElo "2067"]
[BlackElo "2078"]
[PlyCount "51"]
[EventDate "2010.02.13"]
[EventType "tourn"]
[EventRounds "9"]
[EventCountry "ENG"]

1. d4 e6 2. e4 b6 3. Nf3 Bb7 4. Bd3 Nf6 5. Qe2 d5 6. e5 Ne4 7. Nbd2 Nxd2 8.
Bxd2 Be7 9. O-O c5 10. c3 O-O 11. h4 Bxh4 12. g3 Be7 13. Kg2 g6 14. Rh1 Bc8 15.
Rxh7 Kxh7 16. Rh1+ Kg7 17. Bh6+ Kg8 18. Qe3 f5 19. exf6 Rxf6 20. Bg7 Rxf3 21.
Rh8+ Kf7 22. Bxg6+ Kxg6 23. Qh6+ Kf7 24. Qh5+ Kxg7 25. Rh7+ Kf8 26. Kxf3 1-0

[Event "Uxbridge Int Tal"]
[Site "Denham Grove"]
[Date "2010.02.15"]
[Round "4"]
[White "Turner, David J"]
[Black "Thomassen, Thomas"]
[Result "0-1"]
[WhiteElo "1839"]
[BlackElo "2033"]
[PlyCount "102"]
[EventDate "2010.02.13"]
[EventType "tourn"]
[EventRounds "9"]
[EventCountry "ENG"]

1. Nf3 c5 2. g3 g6 3. Bg2 Bg7 4. d3 Nc6 5. O-O Nf6 6. Nbd2 O-O 7. e4 e5 8. c3
d5 9. Qe2 d4 10. c4 h6 11. Ne1 Be6 12. f4 Qd7 13. Ndf3 exf4 14. gxf4 Rae8 15.
Nh4 Bg4 16. Qf2 Kh7 17. Kh1 Ng8 18. a3 Na5 19. Qc2 Nc6 20. Qf2 Nf6 21. Bd2 a5
22. Rg1 a4 23. Nef3 Qd8 24. Raf1 Bc8 25. Re1 Nh5 26. Bf1 Bf6 27. Be2 Bd7 28.
Bd1 Ne7 29. Ne5 Bxe5 30. fxe5 Ng7 31. Bg4 Ng8 32. Bxd7 Qxd7 33. Qg3 Nh5 34. Qg2
Qe6 35. Ref1 Ne7 36. Bf4 Nxf4 37. Rxf4 Qxe5 38. Qf3 f6 39. Rfg4 Rg8 40. Qg2 g5
41. Nf3 Qe6 42. h4 h5 43. Nxg5+ fxg5 44. Rxg5 Rxg5 45. hxg5 Rf8 46. Qh2 Kg6 47.
Qg3 b6 48. Kh2 Nc6 49. Kh1 Ne5 50. Rg2 Rf3 51. Qh4 Rh3+ 0-1

[Event "Uxbridge Int Tal"]
[Site "Denham Grove"]
[Date "2010.02.15"]
[Round "5"]
[White "McKenna, Jason P"]
[Black "Healeas, Simon"]
[Result "1/2-1/2"]
[WhiteElo "2147"]
[BlackElo "1804"]
[PlyCount "42"]
[EventDate "2010.02.13"]
[EventType "tourn"]
[EventRounds "9"]
[EventCountry "ENG"]

1. e4 e5 2. Nf3 Nf6 3. Nxe5 d6 4. Nf3 Nxe4 5. d4 d5 6. Bd3 Bd6 7. O-O O-O 8. c4
c6 9. cxd5 cxd5 10. Nc3 Nxc3 11. bxc3 Nd7 12. Re1 Re8 13. Rxe8+ Qxe8 14. Qc2
Nf6 15. Bg5 Ne4 16. Re1 f5 17. Qb3 Qf7 18. c4 h6 19. Bc1 Be6 20. c5 Bc7 21. Ba3
Re8 1/2-1/2

[Event "Uxbridge Int Tal"]
[Site "Denham Grove"]
[Date "2010.02.16"]
[Round "6"]
[White "Healeas, Simon"]
[Black "Tart, Peter K"]
[Result "1-0"]
[WhiteElo "1804"]
[BlackElo "2078"]
[PlyCount "119"]
[EventDate "2010.02.13"]
[EventType "tourn"]
[EventRounds "9"]
[EventCountry "ENG"]

1. d4 Nf6 2. c4 e6 3. Nc3 b6 4. e4 Bb4 5. Qc2 Bb7 6. Bd3 d5 7. cxd5 exd5 8. e5
Ne4 9. Nge2 O-O 10. O-O Bxc3 11. bxc3 h6 12. Ng3 Nxg3 13. fxg3 c5 14. Qf2 Ba6
15. Qe2 Bxd3 16. Qxd3 Nc6 17. Bxh6 cxd4 18. cxd4 Qe7 19. Bc1 Qe6 20. a4 Rac8
21. Ba3 Rfd8 22. Rf4 Na5 23. Rh4 Qg6 24. Qxg6 fxg6 25. Kf2 Rc2+ 26. Kf3 Nb3 27.
Re1 Nd2+ 28. Kf4 Rc4 29. Kg5 Rxa4 30. Bc1 Ne4+ 31. Kxg6 Rxd4 32. Rf1 Rc4 33.
Ba3 Rc6+ 34. Kf5 g6+ 35. Kg4 Rc4 36. e6 Nd2+ 37. Rf4 Rxf4+ 38. gxf4 Re8 39. f5
Nc4 40. Bb4 Ne3+ 41. Kg5 Nxf5 42. Rh3 Rxe6 43. Rc3 a5 44. Rc8+ Kf7 45. Rc7+ Ne7
46. Bc3 Ke8 47. h4 Kd8 48. Rb7 Kc8 49. Ra7 Rc6 50. Bf6 Ng8 51. Ra8+ Kd7 52.
Rxg8 a4 53. Rxg6 Rc2 54. Kf4 b5 55. h5 a3 56. h6 a2 57. Ke3 Ke6 58. Bd4+ Kf7
59. Rg7+ Kf8 60. h7 1-0

[Event "Uxbridge Int Tal"]
[Site "Denham Grove"]
[Date "2010.02.16"]
[Round "6"]
[White "Peat, Matthew"]
[Black "Higgs, Anthony R J"]
[Result "1-0"]
[WhiteElo "2067"]
[BlackElo "1962"]
[PlyCount "61"]
[EventDate "2010.02.13"]
[EventType "tourn"]
[EventRounds "9"]
[EventCountry "ENG"]

1. d4 f5 2. g3 e6 3. Bg2 Nf6 4. Nf3 d5 5. O-O Bd6 6. c4 c6 7. b3 O-O 8. Ba3
Bxa3 9. Nxa3 Qe7 10. Nc2 Bd7 11. Nce1 Be8 12. Qc2 Bh5 13. Ne5 Nbd7 14. N1d3
Rac8 15. c5 Ng4 16. Nxd7 Qxd7 17. Qd2 Qe7 18. f3 Nh6 19. b4 Be8 20. a4 a6 21.
Rfb1 Qf6 22. e3 g5 23. Kf2 f4 24. gxf4 gxf4 25. Nxf4 Kh8 26. Kg1 Nf5 27. Bh3
Nh4 28. Qf2 Bg6 29. Rf1 Rg8 30. Kh1 Nxf3 31. Nxg6+ 1-0

[Event "Uxbridge Int Tal"]
[Site "Denham Grove"]
[Date "2010.02.16"]
[Round "6"]
[White "Turner, David J"]
[Black "McKenna, Jason P"]
[Result "0-1"]
[WhiteElo "1839"]
[BlackElo "2147"]
[PlyCount "68"]
[EventDate "2010.02.13"]
[EventType "tourn"]
[EventRounds "9"]
[EventCountry "ENG"]

1. Nf3 g6 2. g3 Bg7 3. Bg2 Nf6 4. d3 O-O 5. Nbd2 d6 6. O-O c5 7. e4 Nc6 8. c3
Bd7 9. Qe2 Rc8 10. Ne1 b5 11. f4 b4 12. c4 Nd4 13. Qd1 Ng4 14. Ndf3 f5 15. h3
Nxf3+ 16. Bxf3 Nh6 17. Kh2 Nf7 18. Qe2 e5 19. Be3 exf4 20. gxf4 Qf6 21. Rb1
Rfe8 22. Qf2 Nd8 23. Nc2 Nc6 24. Rg1 a5 25. Rg2 a4 26. e5 dxe5 27. Bxc5 exf4
28. Nxb4 Nxb4 29. Bxb4 Bc6 30. Bc3 Qd6 31. Bxg7 Kxg7 32. Bxc6 Rxc6 33. Rf1 f3+
34. Rg3 Re2 0-1

[Event "Uxbridge Int Tal"]
[Site "Denham Grove"]
[Date "2010.02.16"]
[Round "7"]
[White "Higgs, Anthony R J"]
[Black "Healeas, Simon"]
[Result "1/2-1/2"]
[WhiteElo "1962"]
[BlackElo "1804"]
[PlyCount "28"]
[EventDate "2010.02.13"]
[EventType "tourn"]
[EventRounds "9"]
[EventCountry "ENG"]

1. e4 e5 2. Bc4 Nf6 3. Nf3 Bc5 4. d3 d6 5. c3 O-O 6. O-O Nbd7 7. a4 a5 8. Qe2
h6 9. Nbd2 Re8 10. h3 Nf8 11. Re1 Ng6 12. Nf1 Be6 13. Bxe6 Rxe6 14. Ng3 Qd7
1/2-1/2